Statistics for ICAO FIR Regions - Europe

Click here to take the quiz!

General Stats

  • This quiz has been taken 20 times
  • The average score is 24 of 40

Answer Stats

QuestionAnswer% Correct
Portugal | Azores | MadeiraLP
88%
TurkeyLT
88%
GermanyED
81%
United Kingdom | England | Scotland | Wales | Northern Ireland | Jersey | Guernsey | Isle of Man | South Georgia and the South Sandwich IslandsEG
81%
NetherlandsEH
81%
IrelandEI
81%
France | AndorraLF
81%
GreeceLG
81%
Italy | Vatican City | San MarinoLI
81%
EstoniaEE
75%
FinlandEF
75%
Norway | SvalbardEN
75%
SwedenES
75%
Switzerland | LiechtensteinLS
75%
BelgiumEB
69%
LuxembourgEL
69%
PolandEP
69%
HungaryLH
69%
MaltaLM
69%
AlbaniaLA
63%
Czech RepublicLK
63%
RomaniaLR
63%
GibraltarLX
63%
Serbia | MontenegroLY
63%
IcelandBI
56%
Denmark | Faroe IslandsEK
56%
BulgariaLB
56%
Cyprus | Akrotiri | Dhekelia | Northern CyprusLC
56%
SpainLE
56%
AustriaLO
56%
LatviaEV
44%
SloveniaLJ
44%
Bosnia & HerzegowinaLQ
38%
MoldovaLU
38%
SlovakiaLZ
38%
CroatiaLD
31%
KosovoBK
19%
LithuaniaEY
19%
North MacedoniaLW
19%
MonacoLN
13%

Score Distribution

Percentile by Number Answered

Percent of People with Each Score

Your Score History

You have not taken this quiz